000 01056nam a22002537a 4500
003 OSt
005 20250911155735.0
008 240219b ||||| |||| 00| 0 eng d
040 _c0
082 _aDPer 621.317 Ie21 May 2022 v. 37 no. 5
100 _aLiu, Fang.
_eauthor.
_952622
245 _aAdaptive positioning control of servomotor based on model identification /
_cFang Liu, Hui Peng, Dingyun Zhang, Xinjie Huang, Li Tong, Rui Wu, and Xiaoyan Peng.
260 _aNew York ;
_bThe Institute of Electrical and Electronics Engineers, Inc. ,
_cMay 2022.
300 _aVolume 37, pages 5272-5283 :
_billustration ;
_c28 cm.
500 _aIEEE Transaction on Power Electronics, vol. 91, no. 5, pages 5272-5283, January 2020.
700 _aLiu, Fang.
_eauthor.
_952622
700 _aPeng, Hui.
_eauthor.
_952623
700 _aZhang, Dingyun.
_eauthor.
_952624
700 _aHuang, Xinjie.
_eauthor.
_952625
700 _aTong, Li.
_eauthor.
_952626
700 _aWu, Rui.
_eauthor.
_952627
700 _aPeng, Xiaoyan.
_eauthor.
_952628
942 _2ddc
_cPER
999 _c19194
_d19194